Organizational behavior: (Record no. 206489)
[ view plain ]
| 000 -LEADER | |
|---|---|
| fixed length control field | 00632nam a2200205Ia 4500 |
| 005 - DATE AND TIME OF LATEST TRANSACTION | |
| control field | 20220209093153.0 |
| 008 - FIXED-LENGTH DATA ELEMENTS--GENERAL INFORMATION | |
| fixed length control field | 210716s2010 xx 000 0 und d |
| 020 ## - INTERNATIONAL STANDARD BOOK NUMBER | |
| International Standard Book Number | 9788131726006 |
| 040 ## - CATALOGING SOURCE | |
| Transcribing agency | AIMIT LIBRARY |
| 041 ## - LANGUAGE CODE | |
| Language code of text/sound track or separate title | eng |
| 082 ## - DEWEY DECIMAL CLASSIFICATION NUMBER | |
| Classification number | 658.4 |
| Edition number | 1 |
| Item number | SINK |
| 100 ## - MAIN ENTRY--PERSONAL NAME | |
| Personal name | Singh, Kavita. |
| 9 (RLIN) | 18209 |
| 245 ## - TITLE STATEMENT | |
| Title | Organizational behavior: |
| Remainder of title | text and cases / |
| Statement of responsibility, etc. | By Kavita Singh. |
| 250 ## - EDITION STATEMENT | |
| Edition statement | 1st ed. |
| 260 ## - PUBLICATION, DISTRIBUTION, ETC. | |
| Place of publication, distribution, etc. | New Delhi : |
| Name of publisher, distributor, etc. | Pearson , |
| Date of publication, distribution, etc. | 2010. |
| 300 ## - PHYSICAL DESCRIPTION | |
| Extent | Xx, 479p. ; |
| Dimensions | 28 cm. |
| 650 ## - SUBJECT ADDED ENTRY--TOPICAL TERM | |
| Topical term or geographic name entry element | Interpersonal and team processes |
| 9 (RLIN) | 18210 |
| 650 ## - SUBJECT ADDED ENTRY--TOPICAL TERM | |
| Topical term or geographic name entry element | Nature of planned organizational change |
| 9 (RLIN) | 18211 |
| 942 ## - ADDED ENTRY ELEMENTS (KOHA) | |
| Source of classification or shelving scheme | Dewey Decimal Classification |
| Koha item type | Book |
| Edition | 1st |
| Call number prefix | 658.4 SINK |
| Withdrawn status | Lost status | Source of classification or shelving scheme | Damaged status | Not for loan | Collection code | Home library | Current library | Date acquired | Inventory number | Total Checkouts | Full call number | Barcode | Date last seen | Price effective from | Koha item type | Cost, normal purchase price | Cost, replacement price |
|---|---|---|---|---|---|---|---|---|---|---|---|---|---|---|---|---|---|
| Dewey Decimal Classification | MBA | St Aloysius Institute of Management & Information Technology | St Aloysius Institute of Management & Information Technology | 07/16/2021 | Bill no:; Bill dt:1900-01-00 | 658.4 SINK | MBA09055 | 05/23/2026 | 07/16/2021 | Book | |||||||
| Dewey Decimal Classification | MBA | St Aloysius Institute of Management & Information Technology | St Aloysius Institute of Management & Information Technology | 09/12/2011 | Bill no:4723; Bill dt:2011-09-05 | 658.4 SINK | MBA09244 | 05/23/2026 | 07/16/2021 | Book | 399.00 | 299.25 | |||||
| Dewey Decimal Classification | MBA | St Aloysius Institute of Management & Information Technology | St Aloysius Institute of Management & Information Technology | 09/12/2011 | Bill no:4723; Bill dt:2011-09-05 | 658.4 SINK | MBA09245 | 05/23/2026 | 07/16/2021 | Book | 399.00 | 299.25 | |||||
| Dewey Decimal Classification | MBA | St Aloysius Institute of Management & Information Technology | St Aloysius Institute of Management & Information Technology | 09/12/2011 | Bill no:4723; Bill dt:2011-09-05 | 658.4 SINK | MBA09246 | 05/23/2026 | 07/16/2021 | Book | 399.00 | 299.25 | |||||
| Dewey Decimal Classification | MBA | St Aloysius Institute of Management & Information Technology | St Aloysius Institute of Management & Information Technology | 09/12/2011 | Bill no:4723; Bill dt:2011-09-05 | 658.4 SINK | MBA09247 | 05/23/2026 | 07/16/2021 | Book | 399.00 | 299.25 | |||||
| Dewey Decimal Classification | Reference Book | MBA | St Aloysius Institute of Management & Information Technology | St Aloysius Institute of Management & Information Technology | 09/12/2011 | Bill no:4723; Bill dt:2011-09-05 | 658.4 SINK | MBA09248 | 07/21/2025 | 07/16/2021 | Book | 399.00 | 299.25 |